A magyar nép multja és jelene 2. kötet A bölcsötöl a sírig

Bibliographic Details
Main Author: Benedek, Elek, 1859-1929 (Author)
Format: Book
Language:Hungarian
PhysicalDescription:463 s.
Published: Budapest Athenaeum 1898

MARC

LEADER 00000nam a2200000 a 4500
001 vtls001270393
003 SK-MaSNL
005 20260301155048.0
008 240318s1898 HU 0 hun
035 |a SNK000221468 
040 |a SNK  |b slo  |c SNK  |e AACR2 
044 |a HU 
100 1 |a Benedek, Elek,  |d 1859-1929  |4 aut  |9 204498 
245 1 0 |a A magyar nép multja és jelene  |n 2. kötet  |p A bölcsötöl a sírig  |c Benedek Elek 
260 |a Budapest  |b Athenaeum  |c 1898 
300 |a 463 s. 
999 |c 799270  |d 801200 
952 |t P60, <04>, [BOOK], {604}  |a SNK  |b SNK  |y VYP  |7 0  |o snkIB 5630  |i snk1878/56  |0 0  |1 0  |4 0  |d 1996-12-18  |l 0  |r 2005-01-01 00:00:00  |w 2026-02-24